00981nam a2200217 a 450000100100000000500170001000800410002702000150006804000250008310000350010824500770014326000680022030000200028849000340030870000360034283000410037895201050041995201110052495201110063599900170074600004027120201002034026.0130802s2004 mx 000 0 spa d a9703204767 aDO-SdBNPbspacBNPHU1 aNervo, Amadod1870-191996654410aMencia, un sueño /cAmado Nervo ; introduccion Claudia Cabeza de Vaca. aMéxico :bUniversidad Nacional Autónoma de México,c2004. a54 p. ;c18 cm.1 aRelato Licenciado Vidrierav81 aCabeza de Vaca, Claudia,966545 0aRelato Licenciado Vidrierav8966234 001050718MOaGRbGRcCTd2013-08-21iLF1l0o p40271-10r2020-06-25w2020-06-25y1ZNo se presta 001050718MOaGRbGRcCTd2013-08-21iLF1l0o p40271-20r2020-06-25te. 3w2020-06-25y1ZNo se presta 001050718MOaGRbGRcCTd2013-08-21iLF1l0o p40271-30r2020-06-25te. 2w2020-06-25y1ZNo se presta c39761d39761